000 01047 a2200217 4500
003 Nust
005 20221013115723.0
010 _a 90211114
020 _a0387973710 (New York Berlin Heidelberg : alk. paper)
020 _a3540973710 (Berlin Heidelberg New York : alk. paper)
040 _cNust
082 0 0 _a576.73,GRA
100 1 _aGray, Robert M.,
_993997
245 1 0 _aEntropy and information theory /
_cRobert M. Gray.
260 _aNew York :
_bSpringer-Verlag,
_cc1990.
300 _axxiii, 332 p. ;
_c24 cm.
505 _aInformation Sources (Page-1), Entropy and Information (Page-21), The Entropy Ergodic Theorem (Page-57), Information Rates I (Page-77), Relative Entropy (Page-89), Information Rates II (Page-135), Relative Entropy Rates (Page-149), Ergodic Theorems for Densities (Page-165), Channels and Codes (Page-181), Distortion (Page-217), Source Coding Theorems (Page-241), Coding for Noisy Channels (Page-277).
650 0 _aCoding theory.
_93106
650 0 _aEntropy (Information theory)
_9100109
942 _2ddc
_cBK
999 _c183009
_d183009